El Caribe en su literatura : IV Coloquio de Literatura y Cultura Caribeña Cumaná, del 23 al 25 de septiembre de 1992 /
Zapisane w:
| organizacja autorów: | , |
|---|---|
| Kolejni autorzy: | , |
| Format: | Materiały konferencyjne Książka |
| Język: | Spanish |
| Wydane: |
Caracas :
Derechos Reservados,
c1999.
|
| Hasła przedmiotowe: | |
| Etykiety: |
Dodaj etykietę
Nie ma etykietki, Dołącz pierwszą etykiete!
|
MARC
| LEADER | 00000cam a2200000Ia 4500 | ||
|---|---|---|---|
| 001 | 3091198 | ||
| 005 | 20140820022625.0 | ||
| 008 | 011001s1999 ve b 100 0 spa d | ||
| 020 | |z 9800759644 | ||
| 040 | |a OCA |c CIICLA | ||
| 082 | |a CA860.9 |b A837c | ||
| 090 | |a PN849.C3 |b C65 1992 | ||
| 111 | 2 | |a Coloquio de Literatura y Cultura Caribeña |n (4 : |d 1992 : |c Cumaná) | |
| 245 | 1 | 3 | |a El Caribe en su literatura : |b IV Coloquio de Literatura y Cultura Caribeña Cumaná, del 23 al 25 de septiembre de 1992 / |c Asociación Venezolana de Estudios del Caribe (AVECA) ; Pura Emeterio Rondón, Dinapiera Di Donato (compiladoras). |
| 260 | |a Caracas : |b Derechos Reservados, |c c1999. | ||
| 300 | |a 140 páginas | ||
| 504 | |a Incluye referencias bibliográficas. | ||
| 505 | |r Andreés Bansart |t La literatura caribeña frente a la relación cultura ambiente desarrollo / | ||
| 505 | |r María Julia Daroqui |t Nuevos enfoques teóricos para los estudios literarios caribeños / | ||
| 505 | |r Francoise Perus |t Acercamiento metodológica a la literatura caribeña / | ||
| 505 | |r Fernando Arribas García |t Claude McKay: en los albores de la literatura nacional popular jamaicana / | ||
| 505 | |r Aura Marina Boadas |t Leon Gontran Damas y la poética de la desalienación / | ||
| 505 | |r Julio Cortez |t Notas sobre A Brithger Sun de Samuel Selvon / | ||
| 505 | |r Pura Emeterio Rondón |t Pedro Mir: canto y contracanto / | ||
| 505 | |r Magaly Guerrero |t Caribe: un referente cultural en el "Manifiesto Antropófago" de Brasil / | ||
| 505 | |r José Pérez |t Aportes del poeta antillano Aimé Césaire a la literatura caribena / | ||
| 505 | |r Haydée Parima |t Monologismo en Acto Cultural / | ||
| 505 | |r Gustavo Pereira |t Sobre poesía indígena venezolana / | ||
| 505 | |r José Ramírez Medina |t La obra literaria de Diego Córdoba / | ||
| 505 | |r Moraima Rojas |t Gustavo Pereira: estirpe de las alas desgarradas / | ||
| 505 | |r Julio César Sánchez |t Nila Calice. Una visión histórica del Caribe / | ||
| 505 | |r Carmen Verde Arocha |t La luna de Fausto o la novela de la conquista / | ||
| 650 | 0 | |a LITERATURA CARIBEÑA |v CONGRESOS | |
| 700 | 1 | |a Emeterio Rondón, Pura. | |
| 700 | 1 | |a Donato Salazar, Dinapiera di, |d 1957- | |
| 710 | 2 | |a Asociación Venezolana de Estudios del Caribe. | |
| 942 | |2 ddc |c BK | ||
| 999 | |c 3401 |d 3401 | ||
